00623 2200229 4500001002100000005001700021008004100038020002200079035002500101040001200126082001100138084001500149090001500164245006400179260002800243300003200271440002600303650001400329700002100343850001200364990001700376INLIS00000000000695920150624112528.0  a978-602-241-921-1 a0010-061500000001080 aYOPDYOG a574.21 a574.21 Gla a574.21 Gla aAt a glance sistem Respirasi /cJeremy P.T. Ward...[at.al.] aJakartabErlanggac2014 a108 hlm.b: ilus.c; 28 cm. aHistology at a glance aHistologi aJeremy P.T. Ward aYOPDYOG a1187-KS/B.10